Útek do Tibetu

Bibliographic Details
Main Author: Harrer, Heinrich, 1912-2006 (Author)
Other Authors: Pokojná, Margita (Translator)
Format: Book
Language:Slovak
German
PhysicalDescription:290 s. fotogr. 21 cm
Published: Bratislava Motýľ 1994
ISBN:8096704532
Edition:1. vyd.
Series:Skutočné príbehy
Subjects:

MARC

LEADER 00000cam a2200000 a 4500
001 vtls001075117
003 SK-MaSNL
005 20260301092206.0
008 240606s1994 xo o gr 00001 slo
015 |a SNBA1994/05 
020 |a 8096704532 
035 |a SNK000017949 
040 |a SNK  |b slo  |c SNK  |e AACR2 
041 1 |a slo  |h ger 
043 |a a-cc-ti 
044 |a xo  |c SK 
072 7 |a 91  |x Geografia ako veda. Výskum. Cestovanie  |2 konspekt 
072 7 |a 929  |x Biografie  |2 konspekt 
080 |a 316.72/.75  |2 2011 
080 |a 796.52.071.2  |2 2011 
080 |a (515)  |2 2011 
080 |a (0:82-94)  |2 2011 
080 |a (0:82-992)  |2 2011 
100 1 |a Harrer, Heinrich,  |d 1912-2006  |4 aut  |9 238597 
245 1 0 |a Útek do Tibetu  |c Heinrich Harrer ; prel. Margita Pokojná 
250 |a 1. vyd. 
260 |a Bratislava  |b Motýľ  |c 1994  |e Trnava  |f Polygrafické závody 
300 |a 290 s.  |b fotogr.  |c 21 cm 
490 1 |a Skutočné príbehy 
650 0 7 |a kultúra a spoločnosť  |2 SNKPH  |9 4083 
650 0 7 |a horolezci  |2 SNKPH  |9 3285 
651 7 |a Tibet (Čína)  |2 SNKPHgeo  |9 75965 
655 7 |a autobiografické spomienky  |2 SNKPH  |9 70489 
655 7 |a cestopisy  |2 SNKPH  |9 70220 
700 1 |a Pokojná, Margita  |4 trl  |9 8750 
830 0 |a Skutočné príbehy  |9 405285 
852 |a Slovenská národná knižnica 
919 |a 80-967045-3-2 
954 |a beletria cudzojazyčná (svetová)  |2 lita 
958 |a LX 
958 |a OND 
958 |a UP 
958 |a NS 
968 |b DT 
999 |c 673192  |d 675122 
952 |t P60, <05>, [BOOK], {605}  |a SNK  |b SNK  |y PREZ  |7 0  |p 17A0119111  |o snkSC 85805 D1  |0 0  |1 0  |4 0  |d 1998-01-20  |l 0  |r 2004-12-31 00:00:00  |w 2026-02-23